000 00814cam a22002777a 4500
003 CHAP
005 20220329134005.0
008 971013s r 00010 eng d
010 _a13684
011 _a14656
035 _a18730
040 _cCHAP
090 _aR-1626
100 0 0 _aBeckwith, Charles S.
_911225
245 1 4 _aThe blossom worm, a cranberry pest
500 _aSobretiro de : J.N.Y. Ent. Soc. 37 : 409-416, 1929
590 _aBATCH-UPD
_b10
_c20130110
_lUCH01
_h2055
590 _aBATCH-UPD
_b10
_c20130410
_lUCH01
_h1408
590 _aBATCH-UPD
_b10
_c20130914
_lUCH01
_h0357
590 _aCONVERSION
_b10
_c20130109
_lUCH01
_h1309
650 1 4 _aArĂ¡ndano
_xPlagas.
_97295
650 1 4 _aEpiglaea apiata.
_937220
901 _aBK
942 _cREIMP
949 _aR-1626
_bBC
_cR
_d-43588
_eTS1
_i18730
_si
999 _c13684
_d13684